| 000 | 00839cam a2200193 4500 | ||
|---|---|---|---|
| 001 | WS119265 | ||
| 008 | 020808n 000 0 eng u | ||
| 035 | _a(Sirsi) u119265 | ||
| 110 |
_aBritish Venture Capital Association _94320 |
||
| 245 | _aBritish Venture Capital Association | ||
| 520 | _aWeb site for this organisation which represents the majority of private equity and venture capital in the UK. Includes directories of members, sources of private equity and investment opportunities. page of key facts about private equity and information for private investors. | ||
| 650 |
_aValuation _96273 |
||
| 650 | _aORGANISATION | ||
| 650 | _aPRIVATE EQUITY | ||
| 650 | _aVENTURE CAPITAL | ||
| 690 | _aPROPERTY-PROPERTY FINANCE AND INVESTMENT | ||
| 856 | 4 | 0 |
_uhttps://www.bvca.co.uk _zView the website at www.bvca.co.uk... |
| 942 | _n0 | ||
| 999 |
_c120153 _d120153 |
||